000 00927nam a22002655i 4500
001 67058
003 ES-MaACL
005 20250806062525.0
007 t|
008 921217s1992 sp ||||0| spa d
020 _a84-00-07309-6
080 _a008(460:493)
100 1 _aEspadas Burgos, Manuel.
_947744
245 1 0 _aRecuerdos de los Países Bajos en Madrid /
_cManuel Espadas Burgos, Fernando García Sanz.
260 _a[Madrid] :
_bInstituto de Estudios Madrileños,
_c1992.
300 _a48 p., [8] p. de lám ;
_c21 cm.
650 1 4 _aViajeros holandeses-
_zMadrid.
_917775
651 4 _aPaíses Bajos-
_xRelaciones-
_zEspaña.
_9149257
651 4 _aBélgica-
_xRelaciones-
_zEspaña.
_9151827
651 0 _aMadrid (Comunidad Autónoma)-
_xHistoria.
_98997
700 1 _aGarcía Sanz, Fernando.
_955279
710 2 _aInstituto de Estudios Madrileños
_94916
852 _aES-MaACL
_j2171-F-13
999 _c67058
_d67058